| LEADER 00000nam 2200000uu 4500 |
| 001 212212 |
| 003 ULIBM |
| 008 020711s2560 th a 000 0 tha d |
| 020 9786169313915
|
| 041 ^atha
|
| 060 4 WY18.8 ส816 2560
|
| 100 สุนันทา บุญรักษา
|
| 245 การจัดการเรียนการสอนเพื่อควบคุมการบริโภคยาสูบ : หมวดวิชาการพยาบาลผู้ใหญ่ ผู้สูงอายุ/^cสุนันทา บุญรักษา, วัฒนีย์ ปานจินดา, นัยนา สุแพง, สุดาวดี แก้วดวงโต
|
| 250 พิมพ์ครั้งที่ 1
|
| 260 กรุงเทพฯ :^bเครือข่ายพยาบาลเพื่อการควบคุมยาสูบแห่งประเทศไทย,^c2560
|
| 300 276 หน้า^bภาพประกอบ
|
| 650 4 ยาสูบ^xการควบคุม
|
| 650 4 ^aการพยาบาล^xการศึกษาและการสอน
|
| 650 4 ^aการจัดการเรียนการสอน^xหมวดวิชาการพยาบาลผู้ใหญ่ ผู้สูงอายุ
|
| 700 0 ^aวัฒนีย์ ปานจินดา
|
| 700 0 ^aนัยนา สุแพง
|
| 700 0 ^aสุดาวดี แก้วดวงโต
|
| 710 2 ^aเครือข่ายพยาบาลเพื่อการควบคุมยาสูบแห่งประเทศไทย
|
| 710 2 ^aสำนักงานกองทุนสนับสนุนการสร้างเสริมสุขภาพ (สสส.)
|
| 856 ^zการจัดการเรียนการสอนฯ หมวดการพยาบาลผู้ใหญ่.pdf (สารบัญหนังสือ)^uhttp://110.164.94.213/ULIB62015//_fulltext/5/212212/20181108170601_3138.pdf |
| 999 ^aใช้งานได้ทุกระบบ
|